Statistics for Girl Names that start with B

Click here to take the quiz!

General Stats

  • This quiz has been taken 725 times
  • The average score is 10 of 20

Answer Stats

Answer% Correct
Bella
74%
Bethany
74%
Brianna
70%
Barbara
64%
Brittany
64%
Bailey
59%
Beatrice
59%
Bonnie
59%
Brenda
59%
Billie
47%
Brooke
45%
Bridget
41%
Bianca
40%
Brooklyn
40%
Brandy
33%
Blair
30%
Bobbi
30%
Brianne
24%
Brynn
22%
Brenna
20%

Score Distribution

Percentile by Number Answered

Percent of People with Each Score

Your Score History

You have not taken this quiz